00556nam a2200169Ia 4500008004100000020001400041245005300055260004800108516002000156650001300176650001300189830004000202856003800242942000700280999001900287952008000306140925s9999 xx 000 0 und d a2162-5344 aOpen Journal of Nursing /h[electronic resource] bScientific Research Publishing Inc.cc2014. aElectronic text aJournal. aNursing. aScientific Research Publishing Inc. uhttp://www.scirp.org/journal/ojn/ cEJ c275683d275683 001040aCLbCLd0000-00-00l0pEJ0080r2014-09-25 00:00:00w2014-09-25yEJ